000 00311nam a2200133Ia 4500
005 20251222141926.0
008 251222s9999||||xx |||||||||||||| ||spa||
020 _a84-89832-78-1
082 _a893.1/M27
100 _aMaspero, Gastón
245 0 _aCuentos del Antiguo Egipto
264 _bAbraxas
942 _cLIB
999 _c8878
_d8878